Statistics for Countries bordering 3 countries with same initial

Click here to take the quiz!

General Stats

  • This quiz has been taken 258 times
  • The average score is 37 of 46

Answer Stats

ANSWER% Correct
A
95%
S
95%
B
94%
E
93%
G
91%
M
91%
ETHIOPIA
83%
Ethiopia
83%
Slovakia
83%
Slovenia
83%
SUDAN
83%
Sudan
83%
Mali
82%
South Sudan
82%
Eritrea
81%
Switzerland
81%
Armenia
80%
Azerbaijan
80%
Somalia
80%
AUSTRIA
79%
Egypt
79%
Mauritania
79%
Serbia
79%
Bangladesh
78%
INDIA
78%
ITALY
78%
Morocco
78%
Afghanistan
77%
Bhutan
77%
Guinea
77%
Burma
76%
Gambia
76%
Guinea-Bissau
76%
HUNGARY
75%
IRAN
75%
San Marino
75%
FRANCE
74%
Spain
74%
ALGERIA
72%
SENEGAL
69%
Suriname
63%

Score Distribution

Percentile by Number Answered

Percent of People with Each Score

Your Score History

You have not taken this quiz